Liedtext - Männer - Herbert Grönemeyer - Statistiken

Allgemein
  • Dieses Quiz wurde 523 mal gespielt
  • Das Durchschnittsergebnis liegt bei 223 aus 284
Antwortstatistiken
Textquiz % Korrekt
man
100%
Mann
99%
Männer
98%
sind
97%
ein
94%
ist
92%
Wann
91%
auf
85%
haben
85%
einfach
83%
Und
83%
und
83%
in
81%
so
80%
unersetzlich
79%
Welt
79%
dieser
78%
als
77%
schon
77%
Kind
75%
verletzlich
74%
den
72%
ganz
72%
geeicht
70%
nehm'n
70%
hart
69%
weich
68%
Außen
67%
innen
67%
leicht
67%
heimlich
66%
Kriege
66%
weinen
66%
Arm
65%
geben
65%
schwer
65%
'nen
62%
Werden
62%
Geborgenheit
61%
haben's
61%
furchtbar
60%
viel
60%
brauchen
59%
stark
59%
Zärtlichkeit
59%
krieg'n
58%
am
57%
Baby
57%
blau
57%
Frauen
57%
kriegen
56%
alles
55%
schlau
55%
wie
55%
Herzinfarkt
53%
immer
53%
Telefon
53%
führen
52%
Haar
51%
können
51%
Muskeln
51%
keine
50%
nehmen's
50%
steh'n
50%
unter
50%
lügen
49%
ständig
49%
Strom
49%
Kinder
47%
blöde
46%
durch
46%
dünnes
45%
genau
44%
auch
43%
ihr
43%
rauchen
43%
kaufen
42%
Müssen
42%
müssen
42%
weiter
41%
baggern
40%
Pfeife
39%
ihre
38%
jede
38%
machen
38%
sonderbar
38%
einsame
37%
Menschen
36%
bereit
35%
Streiter
35%
Wand
35%
allzeit
34%
bauen
34%
Geld
34%
Lässigkeit
34%
bestechen
32%
Raketen
31%
etwas
29%
Keine übereinstimmenden Quizze gefunden
Verteilung der Resultate
Anzahl Personen mit jedem Resultat
Perzentil nach korrekt beantworteten Fragen
Ihre Resultats-Entwicklung
Sie haben dieses Quiz noch nicht gespielt